000 01009nam a2200253 a 4500
001 000021850
003 DO-SdBNP
005 20231116090856.0
008 100913s1996 mx r 000 | spa d
020 _a968299523x
040 _aDO-SdBNP
_bspa
_cBNPHU
082 4 _a972.03
_bO77m
_222
100 1 _aOrtiz de Ayala, Tadeo
_d1788-1833
_945367
245 1 0 _aMéxico considerado como nación y libre :
_bo sea algunas indicaciones sobre los deberes más esenciales de los mexicanos /
_cTadeo Ortiz de Ayala ; prólogo, Fernando Escalante Gonzalbo.
260 _aMéxico D. F. :
_bDirección Nacional para la Cultura,
_c1996.
490 0 _aCien de México
500 _aIncluye índice y notas al pie de las páginas.
651 4 _aMéxico
_xHistoria
_yIndependencia, 1810-1822
_945368
651 4 _aMéxico
_xCondiciones sociales
_918553
651 4 _aMéxico
_xCondiciones económicas
_91069
700 1 _aEscalante Gonzalbo, Fernando
_epról.
_945369
830 0 _aCien de México
_928330
942 _2ddc
_cLBS1
999 _c21348
_d21348